| 000 | 02068cam a22004934i 4500 | ||
|---|---|---|---|
| 003 | PE-LiUPU | ||
| 005 | 20250731173547.0 | ||
| 008 | 150616s r 000 0 d | ||
| 020 | _a8481690481 | ||
| 035 | _a(Sirsi) i9788481690484 | ||
| 040 |
_aPE-LiUPU _bspa _cPE-LiUPU _erda |
||
| 049 | _aPRUA | ||
| 082 | 0 | 4 |
_a226 _bM19 _221 |
| 100 | 1 |
_aMalina, Bruce J., _eautor. |
|
| 245 | 1 | 4 |
_aLos Evangelios Sinópticos y la Cultura Mediterránea del Siglo I / _cBruce J. Malina. |
| 264 | 1 |
_aEstella (Navarra), España : _bEditorial Verbo Divino, _c1996. |
|
| 300 |
_a418 páginas ; _c24 centímetros |
||
| 336 |
_atext _2rdacontent |
||
| 337 |
_aunmediated _2rdamedia |
||
| 338 |
_avolume _2rdacarrier |
||
| 490 | 0 |
_aColección ÓþopÓ ; _v2 |
|
| 504 | _aBibliografía: páginas 411-415. | ||
| 505 | 0 | _aMateo.- Marcos.- Lucas.- Escenarios de lectura:.- Acusación de desvío.- Amor y odio.- Ayuno.- Bienaventuranzas en el evangelio de Mateo.- Cadenas de comentarios.- Campo.- Cien denarios.- Circuncisión.- Ciudad preindustrial.- Coaliciones/facciones.- Comidas.- Demonios/posesión demoníaca.- Desafío-respuesta.- Deudas.- Dieta.- Diezmos.- Divorcio.- Dos denarios.- Doscientos denarios.- Economía familiar agrícola.- Edad.- Enterrar un talento.- Etc.. | |
| 526 | _aSEG42 | ||
| 526 | _aSEG41 | ||
| 526 | _aSEG40 | ||
| 526 | _aSEG39 | ||
| 526 | _aP94 | ||
| 526 | _aP87 | ||
| 526 | _aP86 | ||
| 526 | _aP85 | ||
| 526 | _aP77 | ||
| 526 | _aP76 | ||
| 526 | _aP35 | ||
| 630 |
_aBiblia. _pN.T. _pEvangelios _xCrítica sociológica. |
||
| 700 | 1 | _aRohrbaugh, Richard L. | |
| 910 |
_ajck _bjvq _cjck |
||
| 942 |
_2ddc _cBOOK |
||
| 949 |
_a226 M19 _wDEWEY _c1 _i42881 _lCCODEBUL1 _mBUL _r0 _sY _tBOOK _u2015-6-16 _xTEOLOGIA _zUNKNOWN _0COMPRA _o.STAFF. Colección General |
||
| 994 |
_aC0 _bPEPRU |
||
| 596 | _a1 | ||
| 999 |
_a226 M19 _wDEWEY _c60846 _i42881 _f2021-11-9 _g5 _lCCODEBUL1 _mBUL _r0 _sY _tBOOK _u2015-6-16 _xTEOLOGIA _zUNKNOWN _0COMPRA _o.STAFF. Colección General _d60846 |
||
| 980 |
_81 _gALBERTO SANCHEZ Responsable de Automatización |
||